000 00362nam a2200169Ia 4500
003 0STCL
008 150530s9999 xx 000 0 und d
040 _aSTCL
_cSTCL
100 _aNathaniel Hawthrone
245 _aScarlet letter
250 _aSecond
260 _c1969
546 _aEnglish
942 _2ddc
_cBK
999 _c67798
_d67798
005 20220125171349.0